Juicio ejecutivo promovido por D. Antonio 2§ Millán contra D. Manuel Andrés Orrego, por cobro de cantidad de pesos procedentes de una escritura pública

I tiakina i:
Ngā taipitopito rārangi puna kōrero
Ngā kaituhi matua: Millán, Antonio Segundo (autor), Vicuña, Pedro Félix (Author)
Hōputu: Pukapuka
Reo:Pāniora
I whakaputaina: Valparaíso Imprenta y Librería del Mercurio, de Santos Tornero y Compañía 1855
Putanga:1a. ed
Ngā marau:
Ngā Tūtohu: Tāpirihia he Tūtohu
Kāore He Tūtohu, Me noho koe te mea tuatahi ki te tūtohu i tēnei pūkete!

MARC

LEADER 00000nam a2200000 a 4500
001 UCJ4604
003 CL-VaPUC
008 070124e18550606CL |||||||||||||||||spa|d
082 0 4 |a 983  |b MIL  |2 21 
100 |a Millán, Antonio Segundo  |e autor  |9 508632 
700 0 |a Vicuña, Pedro Félix  |e author  |9 315183 
245 1 0 |a Juicio ejecutivo promovido por D. Antonio 2§ Millán contra D. Manuel Andrés Orrego, por cobro de cantidad de pesos procedentes de una escritura pública 
246 1 0 |a Defensa contra la acusación proyectada contra P. F. V. 
250 |a 1a. ed 
300 |a 23 p 
942 |c BK 
945 |d 20070124 00:00:00  |a rinostro 
260 |a Valparaíso  |b Imprenta y Librería del Mercurio, de Santos Tornero y Compañía   |c 1855 
500 |a Empastado con otras monografías en un volumen rotulado Alegatos, 983 ART 
600 0 7 |a RENGIFO, RAMON  |2 CL-VaPUC  |9 508633 
650 0 |a Juicios civiles  |9 506779 
650 0 |a Alegatos  |9 403776 
650 0 |a Contratos  |9 255153 
650 7 |a DOCUMENTOS  |2 CL-VaPUC  |9 366450 
583 |a last modification  |c 20070124 00:00:00  |k Rodrigo Vera 
999 |c 320720  |d 320718 
952 |0 0  |1 0  |4 0  |6 983_000000000000000_MIL_1855  |7 0  |8 X  |9 399303  |a FDOBUD  |b FDOBUD  |d 2019-11-22  |i 1022296  |o 983 MIL 1855  |p 1022296  |r 2019-11-22  |w 2019-11-22  |y BK_X  |k BUD